Business for the 21th century /

Enregistré dans:
Détails bibliographiques
Auteurs principaux: Ivancevich, John M (Auteur), Skinner, Steven J (Auteur)
Format: Livre
Langue:anglais
Publié: Homewood : IRWIN, 1992
Édition:1.vyd.
Sujets:
Tags: Ajouter un tag
Pas de tags, Soyez le premier à ajouter un tag!

MARC

LEADER 00000nam a22000003a 4500
001 stu8192
005 20150617225805.5
008 951026s1992----xxu-----------------eng-d
020 |a 0-256-09222-2 
040 |a STU  |b slo 
041 0 |a eng 
044 |a xxu 
080 |a 339  |7 stu_us_auth*stu8087 
080 |a 658.6/.8 
084 |a C1290D  |2 INS 
084 |a C7100  |2 INS 
084 |a C7120  |2 INS 
084 |a C7170  |2 INS 
084 |a D2010  |2 INS 
084 |a D2050  |2 INS 
100 1 |a Ivancevich, John M  |4 aut 
245 1 |a Business for the 21th century /  |c [aut.] Skinner,Steven J.; Ivancevich,John M 
250 |a 1.vyd. 
260 |a Homewood :  |b IRWIN,  |c 1992 
300 |a 864 s 
650 7 |a obchod  |2 stusub 
650 7 |a technika obchodu  |2 stusub 
650 7 |a marketing  |2 estusub 
650 7 |a podnikové hospodárstvo  |2 stusub 
650 7 |a finančné hospodárstvo  |2 stusub 
650 7 |a účtovníctvo  |2 stusub 
650 7 |a AIS  |2 stusub 
700 1 |a Skinner, Steven J  |4 aut 
996 |b E79014  |c R*79014  |l RRUM  |s A  |a 24  |w stu8192_0001 
996 |b 284EK07556  |c E*80152  |l EE01  |s A  |a 24  |w stu8192_0002